000 00660nam a2200241Ia 4500
003 OSt
005 20220925201024.0
006 a|||||r|||| 00| 0
007 ta
008 220923b |||||||| |||| 00| 0 eng d
020 _a81869623011
037 _cGeneral Book
040 _aRTL
_cRTL
_beng
041 _2eng
_aeng
082 _aW81.73.P1, P1
100 _aBhasin Kamla Ed.
_9259301
245 0 _aVoices of sanity
_b Reaching out for peace
260 _aDelhi
_bLokayan
_c2001
300 _a175p
_ccm.
650 _aRevolution
_9230303
942 _hW81.73.P1, P1
_cGB
_2CC
999 _c538731
_d538731